2013 World's Best Cities according to Travel + Leisure - Statistics

General Stats
  • This quiz has been taken 706 times
  • The average score is 4 of 10
Answer Stats
Rank City % Correct
9 Paris, France
95%
6 Rome, Italy
78%
8 Barcelona, Spain
67%
1 Bangkok, Thailand
36%
2 Istanbul, Turkey
35%
3 Florence, Italy
24%
4 Cape Town, South Africa
20%
5 Kyoto, Japan
12%
7 Charleston, USA
2%
10 Chiang Mai, Thailand
1%
No matching quizzes found
Score Distribution
Percent of People with Each Score
Percentile by Number Answered
Your Score History
You have not taken this quiz